00667nam a2200193Ia 4500008004100000082001400041100002100055245005600076250000800132260002500140300001200165500002400177650001500201700002500216942000700241952010400248952010400352999001700456230524s9999 xx 000 0 und d a1.42bGAR aVinod Kumar Garg 0aEnterprise Resource Planning: Concepts and Practice a2ND aNEW DELHIbPHIc2011 aVII;185 aQuantity Number: 2 aManagement a N.K.Venkitakrishnan cBK 00104070aTATCLbTATCLcGENd2023-05-24l0o001.42 GARp42643r2023-05-24w2023-05-24yBKzMBA305 00104070aTATCLbTATCLcGENd2023-05-24l0o001.42 GARp42644r2023-05-24w2023-05-24yBKzMBA305 c49206d49206